00581nam a2200181 a 450000100060000000300090000600800410001502000150005604000280007108200160009910000170011524501300013226000340026230000110029665000330030765000300034065000290037019895CO-ViMGA141112s2004 ck r 000 u spa d a8475775063 aCO-ViMGAbspacCO-ViMGA04a650.1 A315p1 aAdams, Scott10aEl Principio de Dilbert : bun autentico repaso a jefes, reuniones inutiles, manías de gerente y demás achaques laborales aBarcelona : bGranica, c1997 a338 p.14aADMINISTRACION - CARICATURAS14aAMINISTRACION DE PERSONAL14aCOMUNICACION EMPRESARIAL